[Event "e2e4 Gatwick Open 2013"]
[Site "Crawley ENG"]
[Date "2013.04.07"]
[Round "4"]
[White "Batchelor,Peter J"]
[Black "Lim,Z"]
[Result "0-1"]
[WhiteElo "2132"]
[BlackElo "2164"]

1.d4 Nf6 2.Bg5 g6 3.Bxf6 exf6 4.g3 Bg7 5.Bg2 O-O 6.e3 f5 7.Ne2 c6 8.c4 d6
9.O-O Nd7 10.Nbc3 Nf6 11.b4 Re8 12.b5 Ne4 13.bxc6 bxc6 14.Qa4 Bd7 15.Rfb1 Qc7
16.Qc2 Nxc3 17.Qxc3 Rab8 18.c5 d5 19.Rb3 Rb7 20.h4 Reb8 21.Rab1 Bc8 22.Nc1 Bf6
23.Rxb7 Rxb7 24.Rxb7 Bxb7 25.Qa3 Bc8 26.Bf1 f4 27.exf4 Bxd4 28.Nb3 Bf6 29.Qa4 Bd7
30.Qb4 h6 31.Ba6 Bc8 32.Bxc8 Qxc8 33.Qa4 Qd7 34.Na5 Be7 35.Qxc6 Qxc6 36.Nxc6 Bxc5
37.Kf1 Kg7 38.Ne5 f6 39.Nd3 Bd6 40.Ke2 Kf7 41.Ke3 Ke6 42.Kd4 Ba3 43.f3 Be7
44.f5+ gxf5 45.Nf4+ Kd6 46.Nxd5 Bd8 47.Nf4 Bb6+ 48.Kd3 Bf2 49.Nh5 f4 50.Nxf4 Bxg3
51.Ng6 Ke6 52.h5 Kf5 53.Ne7+ Kg5 54.Ke4 Bd6 55.Nc8 Bc5 56.Kd5 Bf2 57.Ke6 f5
58.Nd6 Bb6 59.Nf7+ Kxh5 60.Kxf5 Be3 61.f4 Bc1 62.a4 Bd2 63.Ne5 Be3 64.Nf3 Bc1
65.Nd4 Kh4 66.Nc6 Kg3 67.a5 h5 68.Nd4 h4 69.Ke4 h3 70.Nf5+ Kf2 71.Nh6 a6
72.Kf5 Kg3 73.Ng4 Bxf4 74.Nf6 h2 75.Nh5+ Kf3  0-1

[Event "15th Dubai Open 2013"]
[Site "Dubai UAE"]
[Date "2013.04.10"]
[Round "4.7"]
[White "Laznicka,V"]
[Black "Ju Wenjun"]
[Result "1/2-1/2"]
[WhiteElo "2674"]
[BlackElo "2521"]

1.d4 Nf6 2.Bg5 d5 3.e3 c5 4.c3 Nc6 5.Nd2 e6 6.Ngf3 Be7 7.Bd3 O-O 8.O-O Qb6
9.Qc2 h6 10.Bh4 Bd7 11.Ne5 Be8 12.Rae1 Rc8 13.Qb1 Nd7 14.Bg3 f5 15.Nef3 Nf6
16.dxc5 Bxc5 17.c4 Ne4 18.cxd5 exd5 19.Nb3 Bh5 20.Rc1 Bb4 21.Rfd1 a5 22.Be2 a4
23.Nbd4 Bc5 24.Qd3 Qxb2 25.Ne6 Nb4 26.Qb5  1/2-1/2

[Event "FSIM April 2013"]
[Site "Budapest HUN"]
[Date "2013.04.16"]
[Round "11.2"]
[White "To,N"]
[Black "Keschitz,G"]
[Result "1-0"]
[WhiteElo "2285"]
[BlackElo "2213"]

1.d4 Nf6 2.Bg5 g6 3.Bxf6 exf6 4.e3 Bg7 5.c4 f5 6.Nc3 O-O 7.g3 b6 8.Bg2 Nc6
9.Nge2 Bb7 10.b3 Qc8 11.O-O Ne7 12.d5 c5 13.a4 d6 14.a5 bxa5 15.Rxa5 Qc7
16.Qa1 a6 17.Qa3 Rfb8 18.Rb1 Nc8 19.b4 Nb6 20.Qa2 Nd7 21.bxc5 Nxc5 22.Nd4 Bc8
23.Ncb5 Qb7 24.Nc6 axb5 25.Rbxb5 Bc3 26.Rxb7 Bxb7 27.Rxa8 Rxa8 28.Qc2 Ra1+
29.Bf1 Bf6 30.Kg2 Ra3 31.Nd4 Ba6 32.Qd2 Ra4 33.Qb2 Kg7 34.Qc2 Rb4 35.h3 h5
36.Be2 h4 37.g4 f4 38.g5 Be5 39.Qd2 fxe3 40.Qxb4 Bxd4 41.fxe3 Be5 42.Qe1 Bg3
43.Qf1 Be5 44.Qe1 Bg3 45.Qf1 Be5 46.Qf2 Bg3 47.Qf6+ Kg8 48.Kf3 Be5 49.Qd8+ Kg7
50.Kg4 Bg3 51.Qf6+ Kg8 52.Qd8+ Kg7 53.Qe8 Bf2 54.Kf3 Bg3 55.Kg4 Bf2 56.e4 Bg3
57.Kf3 Be5 58.Ke3 Bc3 59.Qd8 Be5 60.Qe8 Bc3 61.Kf3 Be5 62.Kg4 Nxe4 63.Qa8 Nc5
64.Kxh4 Bb7 65.Qb8 Ba6 66.Kg4 Bb7 67.Kf3 Ba6 68.Kg2 Bb7 69.Kh1 Ba6 70.Kg1 Bf4
71.Kg2 Be5 72.h4 Ne4 73.Qa8 Nc5 74.Kf3 Bb7 75.Qb8 Ba6 76.Qc7 Nb3 77.Kg4 Nc5
78.h5 gxh5+ 79.Kxh5 Ne4 80.Bd3 Nc5 81.g6  1-0

[Event "ch-SRB 2013"]
[Site "Vrnjacka Banja SRB"]
[Date "2013.04.17"]
[Round "3.2"]
[White "Miladinovic,I"]
[Black "Popovic,Du"]
[Result "1/2-1/2"]
[WhiteElo "2569"]
[BlackElo "2558"]

1.d4 Nf6 2.Bg5 d5 3.e3 Nbd7 4.Nf3 g6 5.c4 Bg7 6.cxd5 Nxd5 7.Nc3 Nxc3 8.bxc3 c5
9.Be2 O-O 10.O-O b6 11.a4 Bb7 12.a5 h6 13.Bh4 bxa5 14.Qa4 g5 15.Bg3 Nf6  1/2-1/2

[Event "Zonal 2.5 2013"]
[Site "Montevideo URU"]
[Date "2013.04.22"]
[Round "5.22"]
[White "Marrero,Javier"]
[Black "Magaldi,N"]
[Result "0-1"]
[WhiteElo "1881"]
[BlackElo "2084"]

1.d4 Nf6 2.Bg5 c5 3.Bxf6 gxf6 4.dxc5 Qa5+ 5.c3 Qxc5 6.e3 Nc6 7.g3 b6 8.Bg2 Bb7
9.Nd2 Nd8 10.Bxb7 Nxb7 11.Qf3 Rb8 12.Ne2 Nd6 13.Nb3 Qc7 14.O-O Nc4 15.Rab1 a5
16.Rfd1 h5 17.h4 Ne5 18.Qe4 Qc6 19.Qxc6 Nxc6 20.Nbd4 Ne5 21.Nb5 Rc8 22.Nf4 Rc6
23.Kg2 Ng4 24.Rd5 e5 25.Nd3 Be7 26.Re1 e4 27.Nf4 Ne5 28.Nd4 Rc5 29.Nf5 Rxd5
30.Nxd5 Bd8 31.Nd6+ Kf8 32.Nb7 Kg7 33.Nd6 Nd3 34.Rb1 Kg6 35.Nxe4 Kf5 36.Nd2 b5
37.Nf3 Ke4 38.Nf4 Nxf4+ 39.exf4 Kd3 40.Rd1+ Kc2 41.Rd2+ Kc1 42.b4 a4 43.Re2 Bb6
44.Ne1 Rc8 45.Rc2+ Kd1 46.Kf1 Re8  0-1

[Event "Zonal 2.5 2013"]
[Site "Montevideo URU"]
[Date "2013.04.22"]
[Round "5.11"]
[White "Bustelo,T"]
[Black "Coppola,C"]
[Result "1/2-1/2"]
[WhiteElo "2079"]
[BlackElo "2173"]

1.d4 Nf6 2.Bg5 c5 3.Bxf6 gxf6 4.dxc5 Qa5+ 5.Nc3 Bg7 6.e3 f5 7.Ne2 Qxc5 8.Qd5 Na6
9.Nd4 e6 10.Qxc5 Nxc5 11.b4 Na6 12.Ncb5 Ke7 13.c3 b6 14.O-O-O Bb7 15.Be2 Rhc8
16.Kb2 d5 17.g3 Nb8 18.Rc1 Nd7 19.Rhd1 a6 20.Na3 Rc7 21.c4 dxc4 22.Rxc4 Rxc4
23.Nxc4 Rc8 24.Rc1 Bd5 25.a4 Bf8 26.Nd2 Rxc1 27.Kxc1 Kd8 28.Bxa6 Bxb4 29.N2f3 Nc5
30.Bb5 Ne4 31.Ne5 Ba3+ 32.Kc2 Nxf2 33.Nxf7+ Ke7 34.Ne5 Bc5 35.Bc4 Ng4 36.Nxg4 Bxc4
37.Ne5 Bd5 38.Kc3 Bd6 39.Nc4 Bc7 40.Kb4 Kf6 41.Kb5 Bxc4+ 42.Kxc4 Ke5 43.Kb5 Kd5
44.Nf3 h6 45.Nd2 e5 46.Nc4 Ke4 47.Nxb6 f4 48.gxf4 exf4 49.exf4 Bxf4 50.h3 Bd2
51.Kc4 Kf3 52.Kd3 Be1 53.Nc4 Kg3 54.Ke2  1/2-1/2

[Event "48th Capablanca Open II 2013"]
[Site "Havana CUB"]
[Date "2013.04.24"]
[Round "4.40"]
[White "Rodriguez Rodriguez,Javier"]
[Black "Shahin,W"]
[Result "1/2-1/2"]
[WhiteElo "1942"]
[BlackElo "2056"]

1.d4 Nf6 2.Bg5 d5 3.Bxf6 exf6 4.e3 c6 5.c4 Bd6 6.Nc3 dxc4 7.Bxc4 O-O 8.Nf3 Nd7
9.O-O f5 10.Qc2 Nf6 11.Rad1 a6 12.Ne5 Qe7 13.f4 Kh8 14.Kh1 Ne4 15.Nxe4 fxe4
16.Qxe4 f6 17.Bd3 g6 18.Nc4 Bg4 19.Qxe7 Bxe7 20.Rc1 Be6 21.Na5 Rab8 22.a3 f5
23.Bc4 Bd7 24.Ba2 Rfe8 25.Bf7 Rf8 26.Bc4 Rfe8 27.Bd3 Be6 28.Rfe1 g5 29.Re2 Bf6
30.fxg5 Bxg5 31.Rce1 Bd5 32.Nc4 Bxc4 33.Bxc4 Re7 34.e4 fxe4  1/2-1/2

[Event "48th Capablanca Open I 2013"]
[Site "Havana CUB"]
[Date "2013.04.24"]
[Round "4.49"]
[White "Figueredo Losada,L"]
[Black "Gonzalez Ochoa,Y"]
[Result "1-0"]
[WhiteElo "2347"]
[BlackElo "2060"]

1.d4 d5 2.Bg5 Nf6 3.Bxf6 exf6 4.e3 Bd6 5.c4 c6 6.cxd5 cxd5 7.Nc3 Be6 8.g3 O-O
9.Bg2 Qa5 10.Ne2 Nc6 11.O-O Ne7 12.a3 a6 13.b4 Qd8 14.Qb3 b5 15.Nxd5 Kh8
16.e4 Rc8 17.Rac1 Nxd5 18.exd5 Bg4 19.f3 Re8 20.Nc3 Bf5 21.Ne4 Bb8 22.Nc5 Qd6
23.Rfe1 h5 24.f4 g5 25.Rf1 Bg6 26.Qf3 h4 27.Rc3 Kg7 28.Qg4 f5 29.Qd1 g4 30.Re1 h3
31.Bh1 f6 32.Re6 Qd8 33.Rce3 Kh6 34.Qd3 Rxe6 35.dxe6 Qd6 36.e7 Bf7 37.d5 Kg6
38.Qe2 Re8 39.Qe1 Ba7 40.Qc3 Rxe7 41.Rxe7 Qxe7 42.Kf2 Qd6 43.Qd4 Kh6 44.Ke3 Kg6
45.Kd2 Bb6 46.Kc3 Ba7 47.Qe3 Bb6 48.Kd4 Ba7 49.Qd3 Bb6 50.Qxf5+  1-0

[Event "Zonal 2.5 2013"]
[Site "Montevideo URU"]
[Date "2013.04.24"]
[Round "8.24"]
[White "Solari,P"]
[Black "Pinero,Ismael"]
[Result "0-1"]
[WhiteElo "1703"]
[BlackElo "1883"]

1.d4 Nf6 2.Bg5 g6 3.Nf3 Bg7 4.c4 d6 5.Nc3 c6 6.e4 h6 7.Bh4 O-O 8.Bd3 Nbd7
9.Qc2 e5 10.d5 Qa5 11.O-O a6 12.a3 c5 13.Nd2 g5 14.Bg3 Nh5 15.Rfb1 Nf4 16.Bf1 h5
17.Bxf4 exf4 18.b4 Qc7 19.Nf3 g4 20.Ng5 Bf6 21.h4 Ne5 22.Ra2 Ng6 23.g3 fxg3
24.fxg3 Qe7 25.Qd2 Qe5 26.Ne2 Re8 27.Bg2 Bd7 28.bxc5 Rab8 29.cxd6 Qxd6 30.Nf4 Be5
31.Rf1 Bxf4 32.Rxf4 Nxf4 33.Qxf4 Qxf4 34.gxf4 f6 35.Rb2 fxg5 36.hxg5 h4 37.e5 Rf8
38.e6 Bxe6 39.dxe6 Rxf4 40.e7 Kf7 41.Bxb7 Kxe7 42.c5 Kd8 43.c6 Kc7 44.Rd2 Rd8
45.Re2 Rf7 46.Re4 Rg7 47.Rxg4 Rh8 48.Kh2 Rh5 49.g6 Rh6 50.Bxa6 Rgxg6 51.Rxg6 Rxg6
52.Bb7 Rg3 53.a4 Ra3 54.a5 Rxa5 55.Kh3 Rh5 56.Ba8 Rh6 57.Bb7 Rh8 58.Kh2 Kd6
59.Kh3 Rh7 60.Ba8 Rh6 61.Bb7 Rh8 62.Kh2 Rh7 63.Ba8 Ra7 64.Bb7 Ra3 65.Kg2 Rc3
66.Ba8 Ke5 67.Bb7 Kf4 68.Kh2 Kg4 69.Kg2 h3+ 70.Kh2 Kh4 71.Bc8 Rc2+ 72.Kg1 Rxc6
73.Bf5 Kg3 74.Bxh3 Kxh3  0-1

[Event "48th Capablanca Mem Elite"]
[Site "Havana CUB"]
[Date "2013.04.25"]
[Round "5.2"]
[White "Andreikin,D"]
[Black "Almasi,Z"]
[Result "1/2-1/2"]
[WhiteElo "2727"]
[BlackElo "2689"]

1.d4 Nf6 2.Bg5 d5 3.Bxf6 exf6 4.e3 c6 5.c4 dxc4 6.Bxc4 Bd6 7.Nc3 O-O 8.Nf3 Nd7
9.a3 f5 10.O-O Qe7 11.Qc2 Nf6 12.Rae1 g6 13.g3 Bd7 14.e4 fxe4 15.Nxe4 Nxe4
16.Rxe4 Qf6 17.Re3 Rae8 18.Qc3 Rxe3 19.fxe3 Bh3 20.Rf2 Qe7 21.Ne5 Be6 22.Bxe6 Qxe6
23.Nf3 Re8 24.Re2 Qd5 25.Kf2 Bf8 26.Qd3 f5 27.Nd2 c5 28.Qb3 Rd8 29.dxc5 Bxc5
30.Ke1 Qxb3 31.Nxb3 Be7 32.e4 fxe4 33.Rxe4 Bf6 34.Ra4 Re8+ 35.Kd1 Bxb2 36.Rxa7 b6
37.a4 Bc3 38.Kc2 Bb4 39.Kd3 Rc8 40.Nd4 Bc5 41.Nf3 Re8 42.Ng5 Re3+ 43.Kc4 Be7
44.Nh3 g5 45.Rb7 Re2 46.Ng1 Re6 47.Nf3 Bf6 48.Kd5 Re3 49.Nd2 Re5+ 50.Kc6 Ra5
51.Ne4 Bd4 52.g4 Rxa4 53.Nxg5 Rc4+ 54.Kd6 Bc5+ 55.Ke6 Rxg4 56.Nxh7 Bd4 57.Nf6+ Bxf6
58.Kxf6  1/2-1/2

[Event "ch-CHN w 2013"]
[Site "Xinghua CHN"]
[Date "2013.04.25"]
[Round "9.5"]
[White "Lei Tingjie"]
[Black "Zhang Xiaowen"]
[Result "1/2-1/2"]
[WhiteElo "2232"]
[BlackElo "2367"]

1.d4 Nf6 2.Bg5 d5 3.Bxf6 exf6 4.e3 Bd6 5.g3 c6 6.Bg2 f5 7.Qd3 Be6 8.b3 Nd7
9.Ne2 Nf6 10.c4 Qa5+ 11.Nec3 Qa6 12.Bf1 dxc4 13.bxc4 Bb4 14.Be2 Ne4 15.O-O Bxc4
16.Qxc4 Qxc4 17.Bxc4 Bxc3 18.Nxc3 Nxc3 19.Rfc1 Ne4 20.d5 c5 21.g4 fxg4 22.Bd3 Nd6
23.Rxc5 Kd7 24.Rac1 Rac8 25.Rxc8 Rxc8 26.Rxc8 Nxc8 27.Bf5+ Kc7 28.Bxh7 Ne7
29.Bc2 Nxd5 30.Kg2 Nc3 31.Bb3 f6 32.Kg3 a5 33.a4 b5 34.axb5 a4 35.Bg8 Nxb5
36.Kxg4 Kd6 37.Kf5 Nc3 38.e4 Ke7 39.f4 a3 40.e5 fxe5 41.fxe5 Kf8 42.Bc4 a2
43.Bxa2 Nxa2 44.h4 Nc3 45.h5 Nd5 46.h6 Ne7+ 47.Kg5 gxh6+  1/2-1/2

[Event "ch-SRB 2013"]
[Site "Vrnjacka Banja SRB"]
[Date "2013.04.26"]
[Round "12.3"]
[White "Miladinovic,I"]
[Black "Kovacevic,A"]
[Result "1-0"]
[WhiteElo "2569"]
[BlackElo "2571"]

1.d4 Nf6 2.Bg5 c5 3.Bxf6 gxf6 4.dxc5 b6 5.c6 Nxc6 6.g3 Bb7 7.Bg2 f5 8.e3 Bg7
9.c3 Qc7 10.Nf3 e6 11.Na3 d5 12.Nb5 Qd7 13.a4 Na5 14.O-O a6 15.Nbd4 Nc4 16.Nd2 Rc8
17.Nxc4 Rxc4 18.Qb3 Qc7 19.Rfd1 O-O 20.Rd2 Rb8 21.Bf1 Rc5 22.Qd1 Bc8 23.Rc1 Qe7
24.Bd3 Qe8 25.f4 Rc7 26.Rg2 Re7 27.g4 fxg4 28.Qxg4 f5 29.Qg5 Ra8 30.Kh1 Raa7
31.Rcg1 Rac7 32.Qh4 Kh8 33.Rg3 Qf8 34.Nf3 Bb7 35.h3 Re8 36.Kh2 Qf6 37.Rg5 Qf8
38.Rg6 d4 39.Ng5 h6 40.Nxe6 Rxe6 41.Rxe6 dxc3 42.Rxg7 Kxg7 43.Qxh6+ Kg8 44.Rg6+ Rg7
45.Bc4+  1-0

[Event "48th Capablanca Open II 2013"]
[Site "Havana CUB"]
[Date "2013.04.27"]
[Round "6.18"]
[White "Mastrapa,R"]
[Black "Cruz Portuondo,Manuel De Jesus"]
[Result "1/2-1/2"]
[WhiteElo "2207"]
[BlackElo "2120"]

1.d4 Nf6 2.Bg5 g6 3.Bxf6 exf6 4.e3 d5 5.g3 Bd6 6.Bg2 c6 7.Nd2 Qb6 8.Qc1 Be6
9.Ne2 Nd7 10.a3 a5 11.b3 a4 12.b4 Qa6 13.e4 O-O 14.Qd1 dxe4 15.Nxe4 Bc7 16.O-O Bc4
17.Re1 f5 18.Nd2 Rfe8 19.Bf1 Nf6 20.Nc3 Bxf1 21.Rxe8+ Rxe8 22.Qxf1 b5 23.Re1 Qc8
24.Rxe8+ Qxe8 25.Qe2 Qd7 26.Qd3 Qe6 27.Kg2 Kg7 28.Ne2 Nd5 29.c4 bxc4 30.Nxc4 Nb6
31.Nb2 Qa2 32.Nd1 Qc4 33.Qf3 Nd5 34.Nb2 Qc2 35.Nd3 Nb6 36.Nc5 Nc4 37.Nc3 Nd2
38.Qd3 Qxd3 39.Nxd3 Nc4 40.Nb1 Bb6 41.Nc5 Bxc5 42.dxc5 Kf6 43.f4 Ke6 44.Kf3 Kd5
45.g4 Kd4 46.gxf5 gxf5 47.Ke2 h6 48.b5 Kxc5 49.bxc6 Kxc6 50.Kd3  1/2-1/2

[Event "48th Capablanca Open I 2013"]
[Site "Havana CUB"]
[Date "2013.04.27"]
[Round "6.4"]
[White "Alarcon Casellas,Rol"]
[Black "Bruzon Batista,L"]
[Result "0-1"]
[WhiteElo "2440"]
[BlackElo "2707"]

1.d4 Nf6 2.Bg5 d5 3.Bxf6 exf6 4.e3 c6 5.g3 f5 6.Bg2 Nd7 7.Ne2 Nf6 8.Nd2 Bd6
9.c4 dxc4 10.Nxc4 Bb4+ 11.Nc3 Be6 12.Nd2 h5 13.a3 Bd6 14.Qe2 Rc8 15.Nc4 Bb8
16.Rd1 h4 17.e4 fxe4 18.Nxe4 O-O 19.Nxf6+ Qxf6 20.Ne3 Rfe8 21.O-O h3 22.Bh1 Bc7
23.Qf3 Qg5 24.Rd3 Bb6 25.Rc1 Rcd8 26.Qd1 Qf6 27.d5 cxd5 28.Qd2 Rd7 29.Nxd5 Bxd5
30.Rxd5 Rde7 31.Rf1 Re2 32.Qf4 Rxf2  0-1

[Event "ch-LTU 2013"]
[Site "Vilnius LTU"]
[Date "2013.04.28"]
[Round "11.1"]
[White "Beinoras,M"]
[Black "Sakalauskas,V"]
[Result "1/2-1/2"]
[WhiteElo "2359"]
[BlackElo "2402"]

1.d4 d5 2.Bg5 Nf6 3.Bxf6 exf6 4.e3 Bd6 5.c4 dxc4 6.Bxc4 O-O 7.Nc3 f5 8.Nge2 Nd7
9.O-O Nf6 10.h3 c6 11.Qc2 Qe7 12.a3 Be6 13.Bd3 g6 14.Na4  1/2-1/2

[Event "48th Capablanca Open I 2013"]
[Site "Havana CUB"]
[Date "2013.04.29"]
[Round "8.52"]
[White "Figueredo Losada,L"]
[Black "Romero,N"]
[Result "1-0"]
[WhiteElo "2347"]
[BlackElo "2107"]

1.d4 d5 2.Bg5 Nf6 3.Bxf6 exf6 4.e3 Bd6 5.c4 c6 6.cxd5 cxd5 7.Nc3 Be6 8.g3 O-O
9.Bg2 Nc6 10.Nge2 Rc8 11.O-O Ne7 12.a3 Qb6 13.Qd2 Qb3 14.Nc1 Qc4 15.Bf3 Bh3
16.Rd1 a6 17.Be2 Qc7 18.Nd3 g6 19.Rac1 Qb8 20.b4 h5 21.Bf3 h4 22.Ne2 hxg3
23.hxg3 b6 24.Nef4 Be6 25.Qa2 Rxc1 26.Rxc1 Kg7 27.Rc3 Qb7 28.Qb3 Rd8 29.Bg2 Bc7
30.a4 Rb8 31.Bf3 Bd6 32.Rc1 Rd8 33.Rc3 Rb8 34.Qa2 Bc7 35.Rc1 Bd8 36.Rc3 Bc7
37.Qe2 Nf5 38.Rc1 Nd6 39.Qa2 Ne4 40.Bxe4 dxe4 41.Nxe6+ fxe6 42.Nb2 Kf7 43.b5 axb5
44.axb5 Bd8 45.Rc6 Qd7 46.Nc4 Kf8 47.Nd2 Qd5 48.Qa7 Qxb5 49.Rc4 Qa5 50.Qxb8 Qxd2
51.Qxd8+ Kg7 52.Rc7+ Kh6 53.Qh8+  1-0

[Event "48th Capablanca Open I 2013"]
[Site "Havana CUB"]
[Date "2013.04.30"]
[Round "9.12"]
[White "Trent,L"]
[Black "Espinosa Veloz,E"]
[Result "1-0"]
[WhiteElo "2425"]
[BlackElo "2461"]

1.d4 Nf6 2.Bg5 d5 3.e3 c5 4.Nf3 Nc6 5.Bxf6 gxf6 6.c4 cxd4 7.Nxd4 e5 8.Nc2 dxc4
9.Qxd8+ Kxd8 10.Bxc4 Be6 11.Bxe6 fxe6 12.Nc3 a6 13.Ke2 Kc7 14.Rac1 Rd8 15.b4 Kb8
16.b5 axb5 17.Nxb5 Be7 18.Rhd1 Rxd1 19.Rxd1 Kc8 20.f4 Rd8 21.Rxd8+ Kxd8 22.g4 exf4
23.exf4 Nb4 24.Nxb4 Bxb4 25.Kf3 Ke7 26.Ke4 Be1 27.f5 exf5+ 28.gxf5 Kd7 29.Kd5 Bb4
30.h3 Bf8 31.a4 Bb4 32.Nd4 Be7 33.Nb3 Bb4 34.Nc1 Ba3 35.Nd3 Bd6 36.Nb2 Be5
37.Nc4 Bc7 38.Kc5 Bd8 39.Ne3 Bc7 40.Nd5 Be5 41.Nb6+ Kc7 42.a5 Kd8 43.Nc4 Ke7
44.Kb6 Bc3 45.Kxb7 Bxa5 46.Nxa5 Kd6 47.Nc6 h5 48.h4 Kd7 49.Nd4 Kd6 50.Ne6 Ke5
51.Ng7 Kf4 52.Kc6 Kg4 53.Kd5 Kxh4 54.Ke6 Kg5 55.Nxh5  1-0

[Event "48th Capablanca Open I 2013"]
[Site "Havana CUB"]
[Date "2013.05.01"]
[Round "10.26"]
[White "Almeida Quintana,O"]
[Black "Rosabal,Y"]
[Result "1-0"]
[WhiteElo "2483"]
[BlackElo "2301"]

1.d4 Nf6 2.Bg5 c5 3.d5 d6 4.Nc3 Qb6 5.e4 Nbd7 6.Nf3 a6 7.a3 h6 8.Bd2 g5 9.Rb1 Qc7
10.a4 Bg7 11.Be2 Rb8 12.O-O O-O 13.h3 Nh7 14.Be3 e5 15.Nd2 Kh8 16.Re1 Rg8
17.Nf1 Ndf8 18.Ng3 Ng6 19.Bg4 Nf4 20.Bxc8 Rbxc8 21.Nf5 Bf8 22.Kh2 Ng6 23.g3 Nf6
24.Qf3 Nh7 25.Bd2 Ne7 26.Nxe7 Qxe7 27.Nd1 Qd7 28.a5 Rg6 29.Ne3 Be7 30.c4 Rf6
31.Qe2 Rg6 32.b4 Nf6 33.Nf5 cxb4 34.Rxb4 Bd8 35.Reb1 Rb8 36.R4b3 Ne8 37.Bc3 Kg8
38.c5  1-0

[Event "31st Liechtenstein Open 2013"]
[Site "Triesen LIE"]
[Date "2013.05.03"]
[Round "1.23"]
[White "Peredy,F"]
[Black "Bergen,K"]
[Result "1-0"]
[WhiteElo "2191"]
[BlackElo "1899"]

1.d4 Nf6 2.Bg5 d5 3.e3 h6 4.Bh4 g6 5.c4 c6 6.Nc3 Bg7 7.Qb3 g5 8.Bg3 O-O 9.Nf3 Qa5
10.Nd2 Nbd7 11.cxd5 cxd5 12.Be2 a6 13.h4 g4 14.h5 e6 15.f3 gxf3 16.gxf3 Re8
17.f4 Ne4 18.Ndxe4 dxe4 19.O-O-O Nf6 20.Bh4 Bd7 21.Rdg1 Qf5 22.Bxf6 Qxf6
23.Nxe4 Qe7 24.Qxb7 Kh8 25.Nc5 Bb5 26.Qxe7 Rxe7 27.Bxb5 axb5 28.a3 Rc7 29.Kb1 Kh7
30.Rc1 Rd8 31.b4 Rd5 32.Kb2 Rf5 33.Kb3 Bf8 34.Nxe6 Rxc1 35.Nxf8+ Kg8 36.Rxc1  1-0

[Event "25th ch-ALG 2013"]
[Site "Algiers ALG"]
[Date "2013.05.04"]
[Round "9.1"]
[White "Abdelali,Abdallah"]
[Black "Arab,A"]
[Result "0-1"]
[WhiteElo "2112"]
[BlackElo "2445"]

1.d4 Nf6 2.Bg5 d5 3.Bxf6 exf6 4.e3 Bd6 5.g3 O-O 6.Bg2 c6 7.Ne2 Re8 8.O-O Nd7
9.Nd2 f5 10.c4 dxc4 11.Nxc4 Bc7 12.Qc2 Nf6 13.b4 Be6 14.a4 Rc8 15.Rfc1 Ne4
16.Bxe4 fxe4 17.Nf4 Bxf4 18.exf4 Qxd4 19.Ne3 Qd3 20.Qxd3 exd3 21.Rd1 Red8
22.Rd2 Rd4 23.Rad1 Rcd8 24.b5 c5 25.Rc1 c4 26.Nd1 Bh3 27.Nc3 Re8 28.f3 f5  0-1

[Event "ch-FRA Junior 2013"]
[Site "Saint-Paul-Trois-Chateaux FRA"]
[Date "2013.05.04"]
[Round "8.8"]
[White "Cayla,J"]
[Black "Verwee,J"]
[Result "0-1"]
[WhiteElo "2046"]
[BlackElo "1758"]

1.d4 Nf6 2.Bg5 g6 3.Bxf6 exf6 4.e3 Bg7 5.c4 d6 6.Nc3 O-O 7.Bd3 f5 8.Nge2 Nd7
9.h4 Nf6 10.Nf4 h5 11.Qf3 c6 12.g3 Re8 13.O-O Qc7 14.b4 b6 15.Rac1 Bb7 16.c5 bxc5
17.bxc5 d5 18.Rb1 Ne4 19.Rb3 Nd2 20.Qd1 Nxb3 21.Qxb3 Reb8 22.Qa4 Bc8 23.Ncxd5 cxd5
24.Qe8+ Kh7 25.Nxd5 Qd7 26.Qxd7 Bxd7 27.Nc7 Bc6 28.Nxa8 Bxa8 29.Rc1 Rc8 30.Bb5 Bf8
31.Bd7 Rb8 32.c6 Bd6 33.d5 Rb2 34.Rc4 Rxa2 35.e4 fxe4 36.Rxe4 Ra1+ 37.Kg2 Rb1
38.Ra4 Bb8 39.Kf3 Kg7 40.Ke3 Rb3+ 41.Kd4 Rb2 42.Rc4 Rxf2 43.Kc5 Rf3 44.d6 Bxd6+
45.Kxd6 Bxc6 46.Kxc6 Rxg3 47.Ra4 Rb3 48.Be8 Rh3 49.Kd6 Rd3+ 50.Kc5 Rh3 51.Bd7 Rf3
52.Kd6 Rd3+ 53.Ke7 Re3+ 54.Kd8 Rd3 55.Re4 Rd1 56.Ke7 Rf1 57.Bc6 Rc1 58.Bd5 Rf1
59.Bc4 Rf2 60.Bd5 Rf1 61.Ke8 f6 62.Re7+ Kh8 63.Kf7 Kh7 64.Be4 f5 65.Bd3 Rc1
66.Kf6+ Kh6 67.Kf7 Kh7 68.Rxa7 Rc8 69.Bb5 Rb8 70.Bc4 Rc8 71.Be6 Rb8 72.Kf6+ Kh6
73.Rg7 f4 74.Rxg6+ Kh7 75.Rg5 Kh6 76.Rg6+ Kh7 77.Kg5 f3 78.Kxh5 Rb5+ 79.Rg5 f2
80.Bc4 Rb4 81.Bd3+ Kh8 82.Rf5 Rd4 83.Kg6 Rd6+ 84.Kf7 Rd7+ 85.Kf8 Rd8+ 86.Kf7 Rd7+
87.Kg6 Rd6+ 88.Kg5 Rxd3 89.h5 Rd5 90.Rxd5 f1=Q 91.Rd8+ Kg7 92.Rd7+ Kf8 93.Rd6 Qg2+
94.Kf5 Qf3+ 95.Ke6 Qxh5 96.Kd7 Qe8+ 97.Kc7 Ke7 98.Rd1 Qh5 99.Re1+ Kf6 100.Rf1+ Ke6
101.Re1+ Kd5 102.Re7 Qg6 103.Rd7+ Kc5 104.Kd8 Qf6+ 105.Kc8 Qb6 106.Rc7+ Kd6
107.Rd7+ Ke6 108.Re7+ Kf6 109.Rb7 Qc6+ 110.Rc7 Qa8+ 111.Kd7 Qd5+ 112.Kc8 Ke6
113.Kb8 Kd6 114.Rb7 Kc6 115.Ka7 Qd8 116.Rb1 Qd7+ 117.Ka8 Qd8+ 118.Ka7 Qe7+
119.Ka8 Qf8+ 120.Ka7 Qf7+ 121.Ka8 Qa2+  0-1

[Event "Victory Day Open 2013"]
[Site "Moscow RUS"]
[Date "2013.05.07"]
[Round "3.7"]
[White "Apryshko,G"]
[Black "Tarasov,Alexandr"]
[Result "1/2-1/2"]
[WhiteElo "2286"]
[BlackElo "2192"]

1.d4 Nf6 2.Bg5 d5 3.Bxf6 exf6 4.e3 c6 5.Nd2 f5 6.g3 Be6 7.Bg2 Bd6 8.Ne2 O-O
9.O-O Nd7 10.Qc1 Nf6 11.b3 Ne4 12.f3 Nf6 13.c4 Re8 14.c5 Bc7 15.Qc3 h5 16.h4 b5
17.Nf4 a5 18.Qd3 Bc8 19.Rfe1 Ra7 20.a3 Bxf4 21.exf4 Rae7 22.Re5 g6 23.Rae1 Nd7
24.Rxe7  1/2-1/2

[Event "31st Liechtenstein Open 2013"]
[Site "Triesen LIE"]
[Date "2013.05.07"]
[Round "5.9"]
[White "Peredy,F"]
[Black "Zozulia,A"]
[Result "1/2-1/2"]
[WhiteElo "2191"]
[BlackElo "2326"]

1.d4 Nf6 2.Bg5 c5 3.Bxf6 gxf6 4.d5 Qb6 5.Qc1 f5 6.g3 Qh6 7.e3 Bg7 8.Nd2 d6
9.a4 Nd7 10.Nc4 b6 11.Ne2 O-O 12.Nf4 Rb8 13.c3 Bb7 14.Bg2 Ne5 15.Na3 a6 16.O-O Bc8
17.Qd1 Bd7 18.h3 Rfd8 19.Re1 Bf8 20.Bf1  1/2-1/2

[Event "Deltalift Open 2013"]
[Site "Halmstad SWE"]
[Date "2013.05.09"]
[Round "4"]
[White "Fransson,Pa"]
[Black "Sjodahl,P"]
[Result "0-1"]
[WhiteElo "2142"]
[BlackElo "2418"]

1.d4 Nf6 2.Bg5 g6 3.c3 Bg7 4.Nd2 O-O 5.e4 c5 6.d5 Qc7 7.Qc2 e6 8.O-O-O exd5
9.Bxf6 Bxf6 10.exd5 d6 11.Bd3 Nd7 12.f4 Bg7 13.c4 b5 14.h4 Nb6 15.h5 bxc4
16.Be4 f5 17.Bf3 Bd7 18.Nxc4 Nxc4 19.Qxc4 Rab8 20.b3 Qa5 21.Rd2 Rb4 22.Qc2 c4
23.Kd1 cxb3 24.axb3 Rc8 25.Qb1 Rxb3 26.Qa2 Ra3  0-1

[Event "14th Euro Indiv 2013"]
[Site "Legnica POL"]
[Date "2013.05.10"]
[Round "6.115"]
[White "Kanovsky,D"]
[Black "Svana,P"]
[Result "1-0"]
[WhiteElo "2404"]
[BlackElo "2255"]

1.d4 Nf6 2.Bg5 d5 3.Bxf6 gxf6 4.e3 c5 5.c3 Qb6 6.Qb3 c4 7.Qc2 f5 8.Nd2 Bd7
9.g3 Nc6 10.Bg2 e6 11.Ne2 Bd6 12.b3 cxb3 13.axb3 Rc8 14.O-O Nb4 15.Qd1 Nc6
16.c4 dxc4 17.bxc4 Bb8 18.c5 Qd8 19.Nc4 b5 20.Nd6+ Bxd6 21.cxd6 a5 22.d5 Nb4
23.dxe6 fxe6 24.Nd4 O-O 25.Qb3 Rc4 26.Rfd1 a4 27.Rxa4 Rxd4 28.Rxb4 Rxd1+
29.Qxd1 Qa5 30.Qd4 Rc8 31.h4 Qa3 32.Kh2 Kf7 33.Bf3 Qc3 34.Qa7 Rd8 35.Rxb5 Qd2
36.Kg2 Qxd6 37.Rb6 Qe7 38.Rb7 Qd6 39.Rc7 Kf6 40.Rc4 Qb8 41.Qa1+ Qe5 42.Rd4 Rc8
43.Qa7 Rc7 44.Qb8 Bc8 45.Rd8 Qc5 46.Qb2+ Qc3 47.Qb5 Re7 48.e4 Kg7 49.Rd6 Bb7
50.Rd7  1-0

[Event "ch-USA w 2013"]
[Site "Saint Louis USA"]
[Date "2013.05.12"]
[Round "9"]
[White "Belakovskaia,A"]
[Black "Zenyuk,I"]
[Result "1/2-1/2"]
[WhiteElo "2263"]
[BlackElo "2243"]

1.d4 Nf6 2.Bg5 d5 3.Bxf6 exf6 4.e3 Bd6 5.Nd2 f5 6.Bd3 g6 7.c4 dxc4 8.Bxc4 Nd7
9.Qb3 O-O 10.h4 h5 11.Ngf3 Nb6 12.Ng5 Nxc4 13.Nxc4 Be7 14.f4 Kg7 15.O-O-O Qd5
16.Qc3 b5 17.Ne5 b4 18.Qc4 Bb7 19.b3 Qxc4+ 20.bxc4 Bxg2 21.Rh2 Bb7 22.Rg1 Bxg5
23.fxg5 a5 24.Rb2 Rfe8 25.c5 Bd5 26.Kd2 c6 27.Ra1 Rab8 28.Nd7 Rbd8 29.Nf6 Re6
30.a3 b3 31.a4 Rxf6 32.gxf6+ Kxf6 33.Kc3 Re8 34.Re1 Re4 35.Rh2 Ke6 36.Kd2  1/2-1/2

[Event "6th Calgary International 2013"]
[Site "Calgary CAN"]
[Date "2013.05.14"]
[Round "1"]
[White "Porper,E"]
[Black "Kostadinov,G"]
[Result "0-1"]
[WhiteElo "2423"]
[BlackElo "2082"]

1.d4 Nf6 2.Bg5 d5 3.Nd2 Bf5 4.c3 c6 5.Qb3 Qb6 6.e3 Nbd7 7.Ngf3 h6 8.Bf4 e6
9.Be2 Be7 10.O-O O-O 11.Ne5 Nxe5 12.Bxe5 Nd7 13.Bg3 c5 14.Rfe1 c4 15.Qxb6 Nxb6
16.Bd1 Bd3 17.h4 f5 18.h5 Rac8 19.Nf3 Rfd8 20.Ne5 Bd6 21.Ng6 Kf7 22.Bxd6 Rxd6
23.Ne5+ Kf6 24.Kh2 a6 25.b4 Nd7 26.f4 Ke7 27.Nxd7 Rxd7 28.Rg1 Rg8 29.g4 fxg4
30.Rxg4 g5 31.fxg5 hxg5 32.Rg3 Rdd8 33.Bg4 Rdf8 34.Rg2 Rf6 35.Kg3 Rgf8 36.Rh2 Be4
37.Be2 b6 38.Re1 R8f7 39.Rg1 Kf8 40.Re1 Kg7 41.Bg4 Kh6 42.a4 Bf3 43.Bh3 g4
44.Bf1 Kg5 45.Rc1 Rh7 46.Rcc2 Rfh6 47.Be2 Rxh5 48.Bxf3 Rh3+ 49.Rxh3 Rxh3+
50.Kf2 Rxf3+ 51.Ke2 Kf5  0-1

[Event "6th Calgary International 2013"]
[Site "Calgary CAN"]
[Date "2013.05.15"]
[Round "2"]
[White "Pua,Richard"]
[Black "Porper,E"]
[Result "0-1"]
[WhiteElo "2007"]
[BlackElo "2423"]

1.d4 Nf6 2.Bg5 c5 3.Bxf6 gxf6 4.d5 Qb6 5.Qc1 f5 6.e3 d6 7.g3 Nd7 8.Bg2 Bg7
9.c3 Ne5 10.Bf1 e6 11.Nd2 exd5 12.Ngf3 Bd7 13.Qc2 O-O 14.Rb1 Rfe8 15.Bh3 d4
16.Bxf5 Bxf5 17.Qxf5 dxe3 18.fxe3 Qa6 19.Nxe5 Rxe5 20.Qf4 Qd3 21.Rf1 Rxe3+
22.Kd1 Re2  0-1